The Content analysis of verbal behavior : Further studies / (Record no. 183167)

000 -LEADER
fixed length control field 01288 a2200253 4500
003 - CONTROL NUMBER IDENTIFIER
control field Nust
005 - DATE AND TIME OF LATEST TRANSACTION
control field 20230718103357.0
010 ## - LIBRARY OF CONGRESS CONTROL NUMBER
LC control number 77028623
020 ## - INTERNATIONAL STANDARD BOOK NUMBER
International Standard Book Number 0893350478
040 ## - CATALOGING SOURCE
Transcribing agency Nust
082 00 - DEWEY DECIMAL CLASSIFICATION NUMBER
Classification number 616.89075,GOT
245 04 - TITLE STATEMENT
Title The Content analysis of verbal behavior : Further studies /
Statement of responsibility, etc. Louis A. Gottschalk.
260 ## - PUBLICATION, DISTRIBUTION, ETC.
Place of publication, distribution, etc. New York :
Name of publisher, distributor, etc. SP Medical & Scientific Books :
-- Distributed by Halsted Press
Date of publication, distribution, etc. c1979.
300 ## - PHYSICAL DESCRIPTION
Extent 977 p. :
Other physical details ill. ;
Dimensions 24 cm.
505 ## - FORMATTED CONTENTS NOTE
Formatted contents note The Development of New Content Analysis Scales or Further Validation Studies on Previously Developed Content Analysis Scales (Page-1), Scoring the Content Analysis Scales (Page-237), Neuropsychopharmacological Studies (Page-263), Psychophysiological and Psychosomatic Studies (Page-541), Somatopsychic Studies and Studies of Environmental Effects of Psychological Processes (Page-677), Psychokinetic Studies (Page-713), Papers on Psychotherapy (Page-793).
650 #0 - SUBJECT ADDED ENTRY--TOPICAL TERM
Topical term or geographic name entry element Content analysis (Communication)
9 (RLIN) 1590
650 #0 - SUBJECT ADDED ENTRY--TOPICAL TERM
Topical term or geographic name entry element Mentally ill
General subdivision Language.
9 (RLIN) 100407
650 #0 - SUBJECT ADDED ENTRY--TOPICAL TERM
Topical term or geographic name entry element Psychopharmacology.
9 (RLIN) 100408
650 #0 - SUBJECT ADDED ENTRY--TOPICAL TERM
Topical term or geographic name entry element Verbal behavior
General subdivision Collected works.
9 (RLIN) 100409
650 #0 - SUBJECT ADDED ENTRY--TOPICAL TERM
Topical term or geographic name entry element Verbal behavior.
9 (RLIN) 100410
700 1# - ADDED ENTRY--PERSONAL NAME
Personal name Gottschalk, Louis A.
Dates associated with a name 1916-
9 (RLIN) 100411
740 0# - ADDED ENTRY--UNCONTROLLED RELATED/ANALYTICAL TITLE
Uncontrolled related/analytical title Verbal behavior.
942 ## - ADDED ENTRY ELEMENTS (KOHA)
Source of classification or shelving scheme
Koha item type Book
Call number prefix 616.89075,GOT
Holdings
Withdrawn status Lost status Source of classification or shelving scheme Damaged status Not for loan Permanent Location Current Location Shelving location Date acquired Full call number Barcode Date last seen Price effective from Koha item type Public note
          Military College of Signals (MCS) Military College of Signals (MCS) General Stacks 12/12/2016 616.89075,GOT MCS20852 12/08/2016 12/12/2016 Book Almirah No 88, Shelf No 1
          Military College of Signals (MCS) Military College of Signals (MCS) General Stacks 12/12/2016 616.89075,GOT MCS21286 12/08/2016 12/12/2016 Book Almirah No.26, Shelf No.4
          Military College of Signals (MCS) Military College of Signals (MCS) General Stacks 12/12/2016 616.89075,GOT MCS21287 12/08/2016 12/12/2016 Book Almirah No 88, Shelf No 1
© 2023 Central Library, National University of Sciences and Technology. All Rights Reserved.